LALA HARDEV SAHAI: A BIOGRAPHY (Record no. 28233)

MARC details
000 -LEADER
fixed length control field 00313nam a22001457a 4500
003 - CONTROL NUMBER IDENTIFIER
control field SGT
020 ## - INTERNATIONAL STANDARD BOOK NUMBER
International Standard Book Number 9788191080537
082 ## - DEWEY DECIMAL CLASSIFICATION NUMBER
Classification number 920
Item number L11J
100 ## - MAIN ENTRY--PERSONAL NAME
Personal name JUNEJA, M.M.
245 ## - TITLE STATEMENT
Title LALA HARDEV SAHAI: A BIOGRAPHY
260 ## - PUBLICATION, DISTRIBUTION, ETC. (IMPRINT)
Name of publisher, distributor, etc MODERN PUBLISHERS
Year of Publication 2011
300 ## - PAGE DESCRIPTION
No. of Pages 210
490 ## - SERIES STATEMENT
Series statement BIOGRAPHY
942 ## - ADDED ENTRY ELEMENTS (KOHA)
Source of classification or shelving scheme Dewey Decimal Classification
Koha item type Books
Holdings
Withdrawn status Lost status Source of classification or shelving scheme Damaged status Not for loan Home library Current library Shelving location Date acquired Cost, normal purchase price SGTU Total Checkouts Full call number Accession No. (Barcode) Date last seen Bill Date Koha item type
    Dewey Decimal Classification   Not For Loan SGT Chancellor's Library SGT Chancellor's Library Reference Book 18/12/2024 300.00 SGTU   920 L11J CH1183 18/12/2024 18/12/2024 Books